Atlanta Hawks Trivia - Statistics

General Stats
  • This quiz has been taken 1,846 times
    1,429 since last reset
  • The average score is 6 of 9
Answer Stats
Hint Answer % Correct
Player who led the Hawks in scoring every year from 2020–2025 Trae Young
98%
Finger-waving center who guarded the rim from 1996–2001 Dikembe Mutombo
89%
Think real hard about this one. What is Bogdanović's first name? Bogdan
86%
Dunk contest winner who was the team's top star in the 1980s Dominique Wilkins
85%
Former star known as "Iso Joe" Joe Johnson
80%
The Hawks played in four different cities before moving to Atlanta. Name any one. Buffalo / Moline / Milwaukee . St. Louis
65%
The only NBA team with a longer championship drought than the Hawks Sacramento Kings
63%
Nickname of the Hawks all-time leading shot blocker, Wayne Rollins Tree
43%
Owner of the team from 1977–2004 (and also the Braves) Ted Turner
20%
No matching quizzes found
Score Distribution
Percent of People with Each Score
Percentile by Number Answered
Your Score History
You have not taken this quiz since the last reset